Nuevos conceptos casas de diseño / (Registro nro. 24841)

Detalles MARC
000 -LEADER
campo de control de longitud fija 02565cam a22004334i 4500
003 - IDENTIFICADOR DE NÚMERO DE CONTROL
campo de control PE-LiUPU
005 - FECHA Y HORA DE LA ÚLTIMA TRANSACCIÓN
campo de control 20250731183401.0
008 - DATOS DE LONGITUD FIJA--INFORMACIÓN GENERAL
campo de control de longitud fija 17082 s2006 sp a r 000 0 spa d
020 ## - NÚMERO INTERNACIONAL ESTÁNDAR DEL LIBRO
Número Internacional Estándar del Libro 8496263452
020 ## - NÚMERO INTERNACIONAL ESTÁNDAR DEL LIBRO
Número Internacional Estándar del Libro 9788496263451
035 ## - NÚMERO DE CONTROL DEL SISTEMA
Número de control de sistema (Sirsi) a238130
040 ## - FUENTE DE CATALOGACIÓN
Centro catalogador/agencia de origen PE-LiUPU
Lengua de catalogación spa
Centro/agencia transcriptor PE-LiUPU
Normas de descripción rda
049 ## - FONDOS LOCALES (OCLC)
Biblioteca depositaria PRUA
082 04 - NÚMERO DE LA CLASIFICACIÓN DECIMAL DEWEY
Número de clasificación 728.3
Cutter B84
Número de edición 20
100 1# - ENTRADA PRINCIPAL--NOMBRE DE PERSONA
Nombre de persona Broto, Carles,
Término indicativo de función/relación autor.
245 10 - MENCIÓN DEL TÍTULO
Título Nuevos conceptos casas de diseño /
Mención de responsabilidad, etc. Carles Broto.
246 14 - FORMA VARIANTE DEL TITULO
Título propio/Titulo breve VIviendas :
Resto del título nuevos conceptos
246 18 - FORMA VARIANTE DEL TITULO
Título propio/Titulo breve Nuevos conceptos en diseño de viviendas
264 #1 - PRODUCCIÓN, PUBLICACIÓN, DISTRIBUCIÓN, FABRICACIÓN Y COPYRIGHT
Producción, publicación, distribución, fabricación y copyright Barcelona, España :
Nombre del de productor, editor, distribuidor, fabricante Structure,
Fecha de producción, publicación, distribución, fabricación o copyright 2006.
300 ## - DESCRIPCIÓN FÍSICA
Extensión 359 páginas :
Otras características físicas ilustraciones ;
Dimensiones 31 centimetros
336 ## - TIPO DE CONTENIDO
Término de tipo de contenido text
Fuente rdacontent
337 ## - TIPO DE MEDIO
Nombre/término del tipo de medio unmediated
Fuente rdamedia
338 ## - TIPO DE SOPORTE
Nombre/término del tipo de soporte volume
Fuente rdacarrier
505 0# - NOTA DE CONTENIDO CON FORMATO
Nota de contenido con formato Introductión -- Casa en dezaifu -- Residencia teng -- Northamptonshire shack -- Apartamentos vaight -- Casa carter / tucker -- Casa de mittermayer -- 3 casas unifamiliares -- Casa urbana en flendres -- Casa bom Jesús -- Plano + casa -- Apartamento en estocolmo -- Casa en club row london -- Casa mach -- Vivienda unifamiliar en leffe -- Monocoque wohnung schretter -- Casa papel -- Embarcadero -- Residencia byme -- Casa vos -- Casa shigemi -- Casa nadolny -- Casa iwal -- Casa viesel -- La casa hinsbrunner -- Casa de nicola -- Casa lee -- Casa barnes -- Pabelloón de guarda -- Residencia Hakuei -- Apartamento faggionato -- Casa en seitweg -- Casa argentona -- Casa aura -- Casa en santo domingo -- Residencia blades -- Casa del Dr. Shank -- Casa doble en utrecht -- Residencia lan / stolz -- Casa kraan lang -- Casa en un garage -- Casa verhaeghe -- Casa particular -- Casa I -- Casa MR -- Casa marico -- Casa ugarte -- Casa montagnola -- Casa suave y peluda.
526 ## - NOTA DE INFORMACIÓN SOBRE EL PROGRAMA DE ESTUDIO
Nombre del programa Maestría Bim Facility Management (A distancia)
526 ## - NOTA DE INFORMACIÓN SOBRE EL PROGRAMA DE ESTUDIO
Nombre del programa
526 ## - NOTA DE INFORMACIÓN SOBRE EL PROGRAMA DE ESTUDIO
Nombre del programa Educación musical y artes
526 ## - NOTA DE INFORMACIÓN SOBRE EL PROGRAMA DE ESTUDIO
Nombre del programa Educación, especialidad educación física
526 ## - NOTA DE INFORMACIÓN SOBRE EL PROGRAMA DE ESTUDIO
Nombre del programa Arquitectura
596 ## -
-- 1
650 04 - PUNTO DE ACCESO ADICIONAL DE MATERIA--TÉRMINO DE MATERIA
Término de materia o nombre geográfico como elemento de entrada Arquitectura doméstica
Subdivisión de forma Diseños y planos.
650 04 - PUNTO DE ACCESO ADICIONAL DE MATERIA--TÉRMINO DE MATERIA
Término de materia o nombre geográfico como elemento de entrada Arquitectura moderna.
910 ## - DATOS DE OPCIÓN DEL USUARIO (OCLC)
Datos de opción del usuario jck
-- jvq
-- jpc
-- 2017082
942 ## - ELEMENTOS DE ENTRADA SECUNDARIOS (KOHA)
Fuente del sistema de clasificación o colocación Clasificación Decimal Dewey
Tipo de ítem Koha
949 ## - PROCESAMIENTO DE INFORMACIÓN LOCAL (OCLC)
a 728.3 B84
w DEWEY
c 1
i 76308
l CATALOGING
m BUL
p 70.00
r 0
s Y
t BOOK
u 2017-08-2
x INGENIERIA
-- P06
0 COMPRA
o .STAFF. Colección Ingeniería y Arquitectura
994 ## -
-- C0
-- PEPRU
999 ## - NÚMEROS DE CONTROL DE SISTEMA (KOHA)
-- DEWEY
-- 76308
-- 2018-9-13
-- 2021-11-10
-- 4
-- CCODEBUL1
-- BUL
-- 2
-- 70.00
-- 2
-- 0
-- Y
-- BOOK
-- 2017-8-2
-- INGENIERIA
-- P06
-- COMPRA
-- .STAFF. Colección Ingeniería y Arquitectura
980 ## - EQUIVALENCIA O REFERENCIA-CRUZADA-MENCIÓN DE SERIE--NOMBRE DE PERSONA/TÍTULO [LOCAL, CANADÁ]
ID del último usuario que modificó el registro 1
Nombre del último usuario que modificó el registro ALBERTO SANCHEZ Responsable de Automatización
Existencias
Visto por última vez Número de inventario Total de préstamos Signatura topográfica completa Código de barras Fecha del último préstamo Copia número Coste, precio de reemplazo Fecha de reemplazo Facultad Tipo de ítem Koha Nota pública Estado de pérdida Fuente del sistema de clasificación o colocación Restricciones de uso No para préstamo Colección Programa académico Biblioteca de origen Biblioteca actual Ubicación en estantería Fecha de adquisición Fuente de adquisición Coste, precio normal de compra
2025-12-02 5 2 728.3 B84 76308 2018-09-13 e1 75.00 2017-08-02 FIA Libros físicos inventario-2023-12-13 No Perdido Clasificación Decimal Dewey No restringido Disponible para préstamos Colección General Arquitectura Biblioteca CRAI UPeU Lima Biblioteca CRAI UPeU Lima Estante de Libros Grandes 2017-08-02 COMPRA 70.00